Library Banner

Calculus (Record no. 4043)

MARC details
000 -LEADER
fixed length control field 00419nam a2200169Ia 4500
001 - CONTROL NUMBER
control field 3798
008 - FIXED-LENGTH DATA ELEMENTS--GENERAL INFORMATION
fixed length control field 140317s9999 xx 000 0 und d
020 ## - INTERNATIONAL STANDARD BOOK NUMBER
International Standard Book Number 0-534-39411-6
040 ## - CATALOGING SOURCE
Transcribing agency PK-LaUMT
082 ## - DEWEY DECIMAL CLASSIFICATION NUMBER
Classification number 515
Item number TAN-C
100 ## - MAIN ENTRY--PERSONAL NAME
Personal name S. T. Tan
245 ## - TITLE STATEMENT
Title Calculus
Remainder of title for the managerial, life and social sciences
Statement of responsibility, etc S. T. Tan
250 ## - EDITION STATEMENT
Edition statement 6th
260 ## - PUBLICATION, DISTRIBUTION, ETC. (IMPRINT)
Place of publication, distribution, etc Australia:
Name of publisher, distributor, etc Thomson,
Date of publication, distribution, etc 2003
300 ## - PHYSICAL DESCRIPTION
Extent 657 p.
942 ## - ADDED ENTRY ELEMENTS (KOHA)
Koha item type Books
Holdings
Withdrawn status Lost status Damaged status Not for loan Home library Current library Date acquired Total Checkouts Full call number Barcode Date last seen Price effective from Koha item type
        UMT Main Campus UMT Main Campus 2014-03-17   515 TAN-C 35707 2014-03-17 2014-03-17 Books